[Event "FIDE World Cup 2019"]
[Site "Khanty-Mansiysk RUS"]
[Date "2019.09.13"]
[Round "3"]
[White "Artemiev, Vladislav"]
[Black "Cheparinov, Ivan"]
[Result "1-0"]
[WhiteElo "2746"]
[BlackElo "2670"]
[PlyCount "129"]
[EventDate "2019.09.10"]

1. Nf3 c5 2. b3 d6 3. c4 e5 4. Nc3 g6 5. Bb2 Bg7 6. d3 f5 7. g3 Nf6 8. Bg2 O-O
9. O-O Nc6 10. e3 Kh8 11. Re1 Rb8 12. a3 a6 13. Nd5 b5 14. Nd2 Bb7 15. Bc3 Ne7
16. e4 Nexd5 17. exd5 Bc8 18. b4 cxb4 19. axb4 bxc4 20. dxc4 e4 21. Ra5 Ng4 22.
Qa1 Bxc3 23. Qxc3+ Qf6 24. Qxf6+ Nxf6 25. Ra4 Re8 26. Nb3 Rb6 27. Rea1 Kg7 28.
Nd4 Bd7 29. Rxa6 Rxb4 30. Bf1 Nxd5 31. Rxd6 Nf6 32. Ra7 Rc8 33. Ne6+ Kf7 34.
Nf4 Rb1 35. Nd5 Nxd5 36. Rxd5 Rxc4 37. Raxd7+ Kf6 38. R7d6+ Ke7 39. Rd1 Rxd1
40. Rxd1 Rc2 41. Rb1 Kf6 42. Rb7 h5 43. Rb6+ Kg7 44. h4 Rc1 45. Kg2 Rc2 46. Rb3
Kf6 47. Ba6 Kf7 48. Kf1 Kf6 49. Rb6+ Kg7 50. Rd6 Kf7 51. Bb5 Rb2 52. Bc4+ Kg7
53. Ke1 Rc2 54. Bb5 Kf7 55. Ra6 Rb2 56. Ba4 e3 57. fxe3 Rg2 58. Bb3+ Kg7 59.
Ra4 g5 60. hxg5 Rxg3 61. Kf2 Rxg5 62. Bd1 Kf6 63. Rh4 Kg6 64. Bf3 Kh6 65. Rh3
1-0

[Event "FIDE World Cup 2019"]
[Site "Khanty-Mansiysk RUS"]
[Date "2019.09.13"]
[Round "3"]
[White "Adhiban, Baskaran"]
[Black "Yu, Yangyi"]
[Result "1/2-1/2"]
[WhiteElo "2639"]
[BlackElo "2763"]
[PlyCount "110"]
[EventDate "2019.09.10"]

1. d4 Nf6 2. c4 e6 3. Nc3 Bb4 4. e3 O-O 5. Bd2 d5 6. Nf3 c5 7. a3 Bxc3 8. Bxc3
Ne4 9. Rc1 Nxc3 10. Rxc3 cxd4 11. Nxd4 dxc4 12. Bxc4 Bd7 13. O-O Nc6 14. Nf3
Qe7 15. Qc2 Rfd8 16. Rc1 Be8 17. h3 h6 18. b4 a6 19. Ba2 Qd6 20. Bb1 g6 21. h4
Ne5 22. Qe4 Nxf3+ 23. Qxf3 Bc6 24. Be4 Bxe4 25. Qxe4 Rd7 26. Rc4 h5 27. g4 Qd5
28. Qf4 Rad8 29. Rc5 e5 30. Rxd5 exf4 31. Rxd7 Rxd7 32. gxh5 fxe3 33. fxe3 gxh5
34. Rc3 Rd2 35. b5 axb5 36. Rc5 Re2 37. Rxh5 Rxe3 38. Rxb5 Rxa3 39. Rxb7 Ra4
40. h5 Ra5 41. h6 Rg5+ 42. Kf2 Rf5+ 43. Kg3 Rf6 44. Kg4 Rxh6 45. Kf5 Kg7 46.
Ra7 Rh5+ 47. Kg4 Rb5 48. Ra6 f6 49. Ra8 Kg6 50. Rg8+ Kf7 51. Ra8 Ke6 52. Re8+
Kf7 53. Ra8 Ke6 54. Re8+ Kf7 55. Ra8 Ke6 1/2-1/2

[Event "FIDE World Cup 2019"]
[Site "Khanty-Mansiysk RUS"]
[Date "2019.09.13"]
[Round "3"]
[White "Karjakin, Sergey"]
[Black "Sevian, Samuel"]
[Result "1-0"]
[WhiteElo "2760"]
[BlackElo "2654"]
[PlyCount "141"]
[EventDate "2019.09.10"]

1. Nf3 d5 2. g3 Bg4 3. Bg2 e6 4. c4 c6 5. cxd5 Bxf3 6. Bxf3 cxd5 7. O-O Nc6 8.
d4 Nf6 9. Nc3 Be7 10. e3 Rc8 11. Bd2 O-O 12. Qe2 Ne8 13. Rfd1 Nd6 14. Rac1 Qd7
15. Be1 f5 16. Bg2 Bf6 17. Na4 b6 18. b3 Rc7 19. Nb2 Rfc8 20. Nd3 Nd8 21. Bf1
Rxc1 22. Rxc1 Rxc1 23. Nxc1 Qc8 24. Nd3 Nc6 25. Kg2 Be7 26. h3 g6 27. Qc2 Nd8
28. Qd1 Nc6 29. a4 Kg7 30. Qc2 Nb8 31. Qxc8 Nxc8 32. Ne5 Nd6 33. g4 Nb7 34. f3
Na5 35. b4 Nac6 36. Nd3 Nd7 37. Bc3 Kf7 38. Kf2 Bd6 39. b5 Na5 40. Nb4 Ke7 41.
g5 f4 42. e4 dxe4 43. fxe4 e5 44. Nd5+ Kf7 45. dxe5 Bxe5 46. Bxe5 Nxe5 47. Nxf4
Nb3 48. Ke3 Nc5 49. Be2 Nxa4 50. Kd4 Nd7 51. Bc4+ Kf8 52. e5 Ndc5 53. h4 Nb7
54. Nd5 Nac5 55. Nf6 Kg7 56. Kd5 Na5 57. Bf1 Nab7 58. Bh3 Kf7 59. Bc8 Nd8 60.
Nxh7 Ke7 61. Nf6 Nde6 62. Ng8+ Kf7 63. Bxe6+ Nxe6 64. Kd6 Nc5 65. Nh6+ Ke8 66.
e6 Nb7+ 67. Ke5 Ke7 68. h5 Nc5 69. hxg6 Nxe6 70. Nf5+ Kd7 71. g7 1-0

[Event "FIDE World Cup 2019"]
[Site "Khanty-Mansiysk RUS"]
[Date "2019.09.13"]
[Round "3"]
[White "Nisipeanu, Liviu-Dieter"]
[Black "Nakamura, Hikaru"]
[Result "1-0"]
[WhiteElo "2656"]
[BlackElo "2745"]
[PlyCount "59"]
[EventDate "2019.09.10"]

1. Nf3 Nf6 2. d4 e6 3. c4 d5 4. Nc3 Be7 5. g3 O-O 6. Bg2 dxc4 7. Ne5 Qd6 8. O-O
Qa6 9. a4 Nc6 10. Nb5 Nxe5 11. dxe5 Rd8 12. exf6 Rxd1 13. Rxd1 Bd6 14. Bf4 e5
15. Nxd6 cxd6 16. Bxe5 Qa5 17. Rxd6 Bg4 18. Bc3 Qc7 19. Rad1 g6 20. Bxb7 Rf8
21. Bf3 Bxf3 22. exf3 h5 23. Kg2 Re8 24. h4 Qc8 25. a5 a6 26. Rd7 Qa8 27. R1d6
Rc8 28. Bd4 c3 29. bxc3 Re8 30. Bb6 1-0

[Event "FIDE World Cup 2019"]
[Site "Khanty-Mansiysk RUS"]
[Date "2019.09.13"]
[Round "3"]
[White "Andreikin, Dmitry"]
[Black "Jumabayev, Rinat"]
[Result "1/2-1/2"]
[WhiteElo "2741"]
[BlackElo "2630"]
[PlyCount "43"]
[EventDate "2019.09.10"]

1. e4 c5 2. Nf3 d6 3. d4 cxd4 4. Nxd4 Nf6 5. Nc3 a6 6. a4 e5 7. Nf3 Qc7 8. Bg5
Nbd7 9. Nd2 h6 10. Bh4 g5 11. Bg3 Nc5 12. h4 g4 13. h5 Be6 14. Bh4 Ncd7 15. a5
Rc8 16. Ra4 Be7 17. Be2 Rg8 18. g3 Nc5 19. Ra1 Ncd7 20. Ra4 Nc5 21. Ra1 Ncd7
22. Ra4 1/2-1/2

[Event "FIDE World Cup 2019"]
[Site "Khanty-Mansiysk RUS"]
[Date "2019.09.13"]
[Round "3"]
[White "Harikrishna, Pentala"]
[Black "Fedoseev, Vladimir3"]
[Result "1-0"]
[WhiteElo "2746"]
[BlackElo "2664"]
[PlyCount "107"]
[EventDate "2019.09.10"]

1. d4 d5 2. c4 e6 3. Nc3 Nf6 4. cxd5 exd5 5. Bg5 c6 6. e3 Be7 7. Qc2 Nbd7 8.
Bd3 Nh5 9. Bxe7 Qxe7 10. Nge2 Nb6 11. O-O-O g6 12. Kb1 Bd7 13. Nc1 Ng7 14. h4
O-O-O 15. Nb3 Bf5 16. Nc5 Kb8 17. N3a4 Rd6 18. Bxf5 Nxf5 19. h5 Rf6 20. e4 Ng7
21. e5 Rf5 22. Rh3 Rxh5 23. Rb3 Ne6 24. Nxe6 Nxa4 25. Nf4 Rf5 26. Nd3 Nb6 27.
Nc5 Ka8 28. Qc3 Qc7 29. f3 Re8 30. g4 Rg5 31. Qa5 Qd8 32. e6 fxe6 33. Ra3 a6
34. Nxa6 Nc4 35. Qxd8+ Rxd8 36. Nc7+ Kb8 37. Nxe6 Nxa3+ 38. bxa3 Rxg4 39. fxg4
Re8 40. Ng5 h5 41. gxh5 gxh5 42. Rh1 Re3 43. Rxh5 Rxa3 44. Rh3 Rxh3 45. Nxh3
Kc7 46. Kc2 b6 47. Nf4 Kd7 48. Kb3 Kd6 49. Kb4 c5+ 50. Kb5 cxd4 51. Kxb6 Ke5
52. Kc5 Kxf4 53. Kxd4 Kf5 54. Kxd5 1-0

[Event "FIDE World Cup 2019"]
[Site "Khanty-Mansiysk RUS"]
[Date "2019.09.13"]
[Round "3"]
[White "Nabaty, Tamir"]
[Black "Duda, Jan-Krzysztof"]
[Result "0-1"]
[WhiteElo "2658"]
[BlackElo "2730"]
[PlyCount "80"]
[EventDate "2019.09.10"]

1. d4 Nf6 2. Nf3 e6 3. Bf4 d5 4. e3 Bd6 5. Nbd2 O-O 6. Bd3 b6 7. Qe2 Bb7 8. O-O
c5 9. c3 Bxf4 10. exf4 a5 11. Ne5 Ba6 12. Bxa6 Nxa6 13. Qb5 Qd6 14. Ndf3 c4 15.
Rfe1 Nc7 16. Qc6 Qxc6 17. Nxc6 Rfe8 18. Nfe5 Nb5 19. Rab1 Rac8 20. a4 Nd6 21.
b3 Nfe4 22. bxc4 f6 23. cxd5 fxe5 24. fxe5 exd5 25. Na7 Rc7 26. f3 Rxa7 27.
fxe4 Nxe4 28. c4 Nd2 29. cxd5 Nxb1 30. Rxb1 Rf7 31. g3 Rf3 32. Rc1 Rd3 33. Rc4
Rd8 34. d6 Kf7 35. Rc7+ Kg6 36. Kf2 Rxd4 37. Ke3 Rxa4 38. Re7 Kf5 39. Kd3 Re4
40. g4+ Rxg4 0-1

[Event "FIDE World Cup 2019"]
[Site "Khanty-Mansiysk RUS"]
[Date "2019.09.13"]
[Round "3"]
[White "Svidler, Peter"]
[Black "Esipenko, Andrey"]
[Result "1/2-1/2"]
[WhiteElo "2729"]
[BlackElo "2624"]
[PlyCount "105"]
[EventDate "2019.09.10"]

1. e4 c6 2. Nf3 d5 3. exd5 cxd5 4. Ne5 Nf6 5. d4 g6 6. Bd3 Bg7 7. O-O O-O 8. c3
Nc6 9. Qe2 Nxe5 10. dxe5 Nd7 11. Bf4 Nc5 12. Rd1 Qb6 13. Be3 Qc7 14. f4 Nxd3
15. Rxd3 Rd8 16. Bd4 b5 17. Re3 Qc6 18. Nd2 a5 19. a3 b4 20. axb4 axb4 21. Rxa8
Qxa8 22. cxb4 Qa4 23. Bb6 Re8 24. Bc5 Ba6 25. Qe1 Qc2 26. Nf3 Qxb2 27. Bd4 Qa2
28. e6 f6 29. h3 Bh6 30. Qh4 Bg7 31. Bc5 Bb7 32. Qf2 Qc4 33. f5 Bh6 34. Re1 Bf4
35. fxg6 hxg6 36. Nd4 Bb8 37. Qd2 Kg7 38. Rc1 Qa6 39. b5 Qa4 40. Qd1 Qxd1+ 41.
Rxd1 Be5 42. Kf2 Kf8 43. Nc6 Bxc6 44. bxc6 Rc8 45. Rc1 Rb8 46. Rc2 Rb5 47. Be3
Rb8 48. Kf3 Rc8 49. g4 g5 50. Bc5 Ra8 51. Bf2 Bc7 52. Kg2 Ke8 53. h4 1/2-1/2

[Event "FIDE World Cup 2019"]
[Site "Khanty-Mansiysk RUS"]
[Date "2019.09.13"]
[Round "3"]
[White "Huschenbeth, Niclas"]
[Black "Vitiugov, Nikita"]
[Result "1/2-1/2"]
[WhiteElo "2620"]
[BlackElo "2732"]
[PlyCount "65"]
[EventDate "2019.09.10"]

1. e4 e5 2. Nf3 Nc6 3. Bb5 a6 4. Ba4 Nf6 5. O-O Be7 6. d3 b5 7. Bb3 d6 8. Bd2
O-O 9. h3 Bb7 10. Re1 Qd7 11. a3 Nd8 12. c4 Ne6 13. Nc3 c5 14. Rb1 Bc6 15. Ba2
bxc4 16. Bxc4 a5 17. b3 Ne8 18. Nd5 Bd8 19. b4 axb4 20. axb4 cxb4 21. d4 exd4
22. Bxb4 Nf6 23. Qd2 h6 24. Nxf6+ Bxf6 25. e5 dxe5 26. Nxe5 Bxe5 27. Bxf8 Bf4
28. Bxe6 Bxd2 29. Bxd7 Bxd7 30. Red1 Bc3 31. Bc5 Bf5 32. Bxd4 Bxb1 33. Bxc3
1/2-1/2

[Event "FIDE World Cup 2019"]
[Site "Khanty-Mansiysk RUS"]
[Date "2019.09.13"]
[Round "3"]
[White "Wei, Yi"]
[Black "Anton Guijarro, David"]
[Result "0-1"]
[WhiteElo "2721"]
[BlackElo "2674"]
[PlyCount "90"]
[EventDate "2019.09.10"]

1. e4 e5 2. Nf3 Nc6 3. Bc4 Bc5 4. d3 Nf6 5. h3 d6 6. c3 a5 7. O-O O-O 8. Re1 h6
9. Nbd2 Be6 10. b3 Bb6 11. Nf1 a4 12. Bd2 axb3 13. axb3 Rxa1 14. Qxa1 Qd7 15.
Be3 Bxe3 16. Nxe3 Ne7 17. Bxe6 fxe6 18. Nh2 Ng6 19. g3 Qb5 20. Rd1 Kh7 21. b4
d5 22. Nhg4 Nxg4 23. hxg4 dxe4 24. dxe4 Qe2 25. Rf1 Qf3 26. Qa2 Rf6 27. Qc2 Nh8
28. Rd1 Nf7 29. Rd3 Rg6 30. Qd1 Qxe4 31. f3 Qc6 32. Ng2 e4 33. Re3 exf3 34. Nf4
Rf6 35. Kf2 Ng5 36. Qd3+ Kg8 37. Nh5 Rf8 38. Qd4 e5 39. Rxe5 Nh3+ 40. Kf1 f2
41. Re4 Qa6+ 42. c4 Qg6 43. Qa1 Rf7 44. Re8+ Kh7 45. Qd1 Rd7 0-1

[Event "FIDE World Cup 2019"]
[Site "Khanty-Mansiysk RUS"]
[Date "2019.09.13"]
[Round "3"]
[White "Korobov, Anton"]
[Black "Le, Quang Liem"]
[Result "1/2-1/2"]
[WhiteElo "2679"]
[BlackElo "2708"]
[PlyCount "141"]
[EventDate "2019.09.10"]

1. d4 d5 2. Bf4 Nf6 3. e3 e6 4. Nf3 Bd6 5. Bxd6 cxd6 6. c4 dxc4 7. Bxc4 O-O 8.
Nc3 b6 9. d5 e5 10. Nd2 Ba6 11. Rc1 Qd7 12. O-O Rc8 13. Be2 Qb7 14. e4 Nbd7 15.
b4 Bxe2 16. Qxe2 Ne8 17. Rc2 Rc7 18. Rfc1 Rac8 19. Nf1 a6 20. a4 a5 21. bxa5
bxa5 22. Nb5 Rxc2 23. Rxc2 g6 24. Ne3 Nb6 25. Qd1 Qd7 26. h3 h5 27. Kh2 Kg7 28.
g3 Nf6 29. f3 h4 30. gxh4 Nh5 31. Ng2 Kf8 32. Qc1 Rxc2 33. Qxc2 Ke7 34. Ne3 Nf4
35. Ng4 Qc8 36. Qf2 Nd7 37. h5 Nxh5 38. Qh4+ f6 39. Ne3 Qc5 40. Qf2 Nb6 41. Qg1
Kf7 42. Ng2 Nxa4 43. Qxc5 Nxc5 44. Nxd6+ Ke7 45. Nc4 a4 46. Kg1 Nd3 47. Nge3
Nhf4 48. h4 Ne2+ 49. Kg2 Nd4 50. Kg3 Nb2 51. Na3 Kd6 52. Kg4 Nd3 53. h5 gxh5+
54. Kxh5 Nxf3 55. Nac4+ Kc5 56. d6 Nf4+ 57. Kh6 Ng5 58. Kg7 Nxe4 59. d7 Kc6 60.
d8=N+ Kc5 61. Nb7+ Kb4 62. Nba5 Kc5 63. Kf7 Nd5 64. Nxd5 Kxd5 65. Nb6+ Kc5 66.
Nxa4+ Kb5 67. Nb2 Kxa5 68. Nc4+ Kb4 69. Nxe5 fxe5 70. Ke6 Nd6 71. Kxe5 1/2-1/2

[Event "FIDE World Cup 2019"]
[Site "Khanty-Mansiysk RUS"]
[Date "2019.09.13"]
[Round "3"]
[White "Wang, Hao"]
[Black "Rodshtein, Maxim"]
[Result "1/2-1/2"]
[WhiteElo "2726"]
[BlackElo "2684"]
[PlyCount "108"]
[EventDate "2019.09.10"]

1. d4 Nf6 2. c4 g6 3. g3 c6 4. Bg2 d5 5. Nf3 dxc4 6. O-O Bg7 7. a4 Ne4 8. Nc3
Nd6 9. e4 O-O 10. Qe2 Na6 11. Rd1 Nc7 12. h3 b6 13. Be3 Qe8 14. Ne5 Be6 15.
Rac1 Rd8 16. f4 Kh8 17. Bf2 f6 18. Nxc6 Qxc6 19. d5 Bxd5 20. exd5 Qd7 21. Ne4
Nxe4 22. Qxe4 Qxa4 23. Qxc4 Qxc4 24. Rxc4 Rd7 25. Ra1 Nb5 26. Rb4 Nd6 27. Rba4
Nc8 28. Bd4 Rfd8 29. Rc1 Nd6 30. Rca1 Nb5 31. Be3 f5 32. Rb4 Nd6 33. Rc1 Ne8
34. Ra1 Rc7 35. Rba4 Rdd7 36. R1a2 Nd6 37. Bf1 h5 38. Kg2 Ne4 39. Kf3 Nf6 40.
Bc4 Kh7 41. Bb3 a5 42. Rd4 Rd6 43. Rd2 Ne4 44. Re2 Bf6 45. g4 Nc5 46. Bc4 Ne4
47. Bb3 Bg7 48. Ra4 Nf6 49. gxf5 gxf5 50. Bc2 Nxd5 51. Bxf5+ Kg8 52. Bf2 Kf7
53. Rd2 e6 54. Be4 Rcd7 1/2-1/2

[Event "FIDE World Cup 2019"]
[Site "Khanty-Mansiysk RUS"]
[Date "2019.09.13"]
[Round "3"]
[White "Aravindh, Chithambaram VR"]
[Black "Tomashevsky, Evgeny"]
[Result "0-1"]
[WhiteElo "2609"]
[BlackElo "2718"]
[PlyCount "74"]
[EventDate "2019.09.10"]

1. e4 e5 2. Nf3 Nc6 3. Bc4 Bc5 4. d3 Nf6 5. O-O d6 6. c3 h6 7. Re1 O-O 8. h3 a5
9. Nbd2 Be6 10. Bb5 Qb8 11. Nf1 Qa7 12. Re2 a4 13. Ng3 Bb6 14. Bxc6 bxc6 15. d4
exd4 16. cxd4 Rfe8 17. Bf4 Qa5 18. Qc1 Nh5 19. Kh2 Nxg3 20. Bxg3 c5 21. dxc5
Qxc5 22. Rc2 Qb4 23. e5 d5 24. a3 Qe4 25. Nd2 Qf5 26. b4 axb3 27. Nxb3 d4 28.
Nc5 Ba5 29. Nxe6 Rxe6 30. Rc4 d3 31. Rf4 Qxe5 32. Rxf7 Qd5 33. Rf3 Re1 34. Qxe1
Bxe1 35. Rxe1 c5 36. Re5 Qd4 37. Re7 d2 0-1

[Event "FIDE World Cup 2019"]
[Site "Khanty-Mansiysk RUS"]
[Date "2019.09.13"]
[Round "3"]
[White "Vidit, Santosh Gujrathi"]
[Black "Rakhmanov, Aleksandr"]
[Result "1/2-1/2"]
[WhiteElo "2718"]
[BlackElo "2606"]
[PlyCount "61"]
[EventDate "2019.09.10"]

1. d4 d5 2. c4 e6 3. Nc3 a6 4. cxd5 exd5 5. Qb3 c5 6. Qxd5 cxd4 7. Qxd8+ Kxd8
8. Nd5 Be6 9. Nf4 Bb4+ 10. Bd2 Bxd2+ 11. Kxd2 Nf6 12. g3 Nc6 13. Bg2 Re8 14.
Ngh3 Bxh3 15. Nxh3 Kc7 16. Rac1 Ne4+ 17. Bxe4 Rxe4 18. Nf4 g5 19. Nd3 Rae8 20.
Rhe1 Kd6 21. Rc4 b5 22. Rc5 f6 23. Rcc1 R4e7 24. b3 h6 25. h3 Rc7 26. a4 Na5
27. Rxc7 Kxc7 28. axb5 axb5 29. Rb1 Kd6 30. Nc1 Ra8 31. Rb2 1/2-1/2

[Event "FIDE World Cup 2019"]
[Site "Khanty-Mansiysk RUS"]
[Date "2019.09.13"]
[Round "3"]
[White "Xiong, Jeffery"]
[Black "Tabatabaei, M.amin"]
[Result "1/2-1/2"]
[WhiteElo "2707"]
[BlackElo "2642"]
[PlyCount "155"]
[EventDate "2019.09.10"]

1. e4 e5 2. Nf3 Nc6 3. Bb5 Nf6 4. d3 Bc5 5. c3 O-O 6. O-O d6 7. h3 a6 8. Bxc6
bxc6 9. d4 Bb6 10. Re1 h6 11. Be3 exd4 12. Bxd4 c5 13. Bxf6 Qxf6 14. Nbd2 c6
15. e5 dxe5 16. Rxe5 Be6 17. Qa4 Bc7 18. Re2 Bd5 19. c4 Be6 20. Rae1 Qxb2 21.
Nb3 Qf6 22. Rxe6 fxe6 23. Nxc5 Qc3 24. Qxc6 Qxc4 25. Re4 Qd5 26. Qxc7 Rac8 27.
Qe7 Rfe8 28. Qa7 Rxc5 29. Rd4 Rc1+ 30. Kh2 Qc5 31. Qxa6 Rc2 32. Kg3 e5 33. Qg6
Rf8 34. Rd7 Rxf3+ 35. Kh2 Qf8 36. Qxc2 Rxf2 37. Qd3 Qf4+ 38. Kg1 e4 39. Rxg7+
Kxg7 40. Qd4+ Kg6 41. Qxf2 Qc1+ 42. Kh2 e3 43. Qf4 Qd2 44. a4 Qf2 45. Qg3+ Kh7
46. a5 Qa2 47. Qc7+ Kg6 48. Qc6+ Kg7 49. Qc3+ Kh7 50. Qd3+ Kg7 51. Qd4+ Kg6 52.
Qg4+ Kf6 53. Qf4+ Kg6 54. Qe4+ Kg7 55. Qe5+ Kg6 56. h4 e2 57. Qg3+ Kf7 58. Qf3+
Kg8 59. Qg3+ Kf7 60. Qe1 Kg8 61. Kg3 Qf7 62. Qxe2 Qc7+ 63. Kg4 Qd7+ 64. Kf4
Qf7+ 65. Ke3 Qa7+ 66. Kf3 Qxa5 67. Qe6+ Kg7 68. Kg4 Qb4+ 69. Kf5 Qxh4 70. Qg6+
Kh8 71. g3 Qh3+ 72. Ke5 Qh1 73. Qe8+ Kh7 74. Qd7+ Kh8 75. Qc8+ Kh7 76. Qc7+ Kg6
77. Qb6+ Kh7 78. Qc7+ 1/2-1/2

[Event "FIDE World Cup 2019"]
[Site "Khanty-Mansiysk RUS"]
[Date "2019.09.14"]
[Round "4"]
[White "Movsesian, Sergei"]
[Black "Ding, Liren"]
[Result "1/2-1/2"]
[WhiteElo "2654"]
[BlackElo "2811"]
[PlyCount "60"]
[EventDate "2019.09.10"]

1. e4 e5 2. Nf3 Nc6 3. Nc3 Nf6 4. d4 exd4 5. Nxd4 Bb4 6. Nxc6 bxc6 7. Bd3 d5 8.
exd5 O-O 9. O-O cxd5 10. Bg5 c6 11. Qf3 Bd6 12. Rae1 Rb8 13. Nd1 h6 14. Bxf6
Qxf6 15. Qxf6 gxf6 16. b3 f5 17. Ne3 f4 18. Nf5 Bxf5 19. Bxf5 Kg7 20. g3 Kf6
21. Bd3 Bb4 22. Re2 Rfe8 23. Rxe8 Rxe8 24. Kg2 Re1 25. Rxe1 Bxe1 26. gxf4 a5
27. Kf3 Ke6 28. Ke3 Bc3 29. Bf1 Kd6 30. Kd3 Be1 1/2-1/2

[Event "FIDE World Cup 2019"]
[Site "Khanty-Mansiysk RUS"]
[Date "2019.09.14"]
[Round "4"]
[White "Giri, Anish"]
[Black "Najer, Evgeniy"]
[Result "1/2-1/2"]
[WhiteElo "2780"]
[BlackElo "2635"]
[PlyCount "61"]
[EventDate "2019.09.10"]

1. c4 e5 2. Nc3 Bb4 3. Qc2 Nf6 4. Nf3 Nc6 5. Nd5 Bc5 6. e3 d6 7. a3 Bb6 8.
Nxf6+ Qxf6 9. Bd3 a5 10. Be4 a4 11. O-O Bd7 12. Rd1 h6 13. d4 exd4 14. exd4
Nxd4 15. Nxd4 Bxd4 16. Bxb7 Rb8 17. Qe4+ Kd8 18. Qxd4 Qxd4 19. Rxd4 Rxb7 20. c5
dxc5 21. Rd5 c4 22. Be3 Kc8 23. Bd4 f6 24. Bc3 Rb5 25. Rxb5 Bxb5 26. Re1 Re8
27. Rxe8+ Bxe8 28. Bb4 h5 29. Bf8 g6 30. Bg7 c3 31. bxc3 1/2-1/2

[Event "FIDE World Cup 2019"]
[Site "Khanty-Mansiysk RUS"]
[Date "2019.09.14"]
[Round "4"]
[White "Kovalenko, Igor"]
[Black "Vachier-Lagrave, Maxime"]
[Result "0-1"]
[WhiteElo "2674"]
[BlackElo "2774"]
[PlyCount "128"]
[EventDate "2019.09.10"]

1. e4 c5 2. Nc3 d6 3. Nge2 Nf6 4. f3 d5 5. exd5 Nxd5 6. Nxd5 Qxd5 7. d4 e6 8.
Be3 cxd4 9. Qxd4 Qxd4 10. Nxd4 Bc5 11. O-O-O Nc6 12. Nf5 Bxe3+ 13. Nxe3 Ke7 14.
Bb5 Rd8 15. Bxc6 bxc6 16. Rxd8 Kxd8 17. f4 Kc7 18. Kd2 Bb7 19. Re1 Rd8+ 20. Kc3
c5 21. g3 Rd4 22. b3 Re4 23. Kd2 Rd4+ 24. Kc1 f6 25. c3 Rd3 26. Nd1 Kd6 27. Kc2
Rf3 28. Re2 h6 29. Nb2 Bd5 30. Rd2 Kc6 31. Re2 Kd6 32. c4 Bc6 33. Kd2 g5 34.
Nd3 gxf4 35. Nxf4 e5 36. Ng2 a5 37. Ne1 Rf1 38. Kc3 Bd7 39. Nc2 Rf3+ 40. Kb2
Bf5 41. Ne1 Rf1 42. Ka3 Kc6 43. Ka4 Bg4 44. Re4 Bf5 45. Re2 Bg4 46. Re3 Rf2 47.
Ka3 Rxh2 48. Nf3 Rf2 49. Nh4 Bh5 50. Re1 Be2 51. Ng6 Kd6 52. Rh1 h5 53. Ra1 Bg4
54. Ka4 e4 55. Re1 Rxa2+ 56. Kb5 Ra3 57. Nf4 Rxb3+ 58. Kxa5 Kc6 59. Ka4 Rxg3
60. Nd5 Rd3 61. Ne7+ Kd6 62. Rxe4 Bd7+ 63. Ka5 Kc7 64. Nd5+ Kb7 0-1

[Event "FIDE World Cup 2019"]
[Site "Khanty-Mansiysk RUS"]
[Date "2019.09.14"]
[Round "4"]
[White "So, Wesley"]
[Black "Demchenko, Anton"]
[Result "1-0"]
[WhiteElo "2767"]
[BlackElo "2655"]
[PlyCount "79"]
[EventDate "2019.09.10"]

1. d4 d5 2. c4 e6 3. Nc3 a6 4. cxd5 exd5 5. Nf3 Nf6 6. Bg5 Be6 7. e3 Nbd7 8.
Bd3 c6 9. Qb3 Qb6 10. Qxb6 Nxb6 11. Bxf6 gxf6 12. Nh4 a5 13. O-O-O Bb4 14. Ne2
Nc4 15. Nf4 Bd6 16. Nh5 Be7 17. Nf5 Bxf5 18. Bxf5 Nd6 19. Bd3 Rg8 20. Rhg1 f5
21. Ng3 Bh4 22. Rdf1 Bxg3 23. hxg3 h6 24. Rh1 Rg6 25. Rh5 Rf6 26. Rfh1 Ke7 27.
Rxh6 Rxh6 28. Rxh6 Rg8 29. Kd2 Kd7 30. Ke2 Ke7 31. Kf3 b6 32. Kf4 Rg4+ 33. Ke5
f6+ 34. Rxf6 Nf7+ 35. Rxf7+ Kxf7 36. Bxf5 Rg7 37. g4 Ke7 38. f4 Rg8 39. g5 Re8
40. Be6 1-0

[Event "FIDE World Cup 2019"]
[Site "Khanty-Mansiysk RUS"]
[Date "2019.09.14"]
[Round "4"]
[White "Predke, Alexandr"]
[Black "Nepomniachtchi, Ian"]
[Result "0-1"]
[WhiteElo "2657"]
[BlackElo "2776"]
[PlyCount "74"]
[EventDate "2019.09.10"]

1. d4 Nf6 2. c4 g6 3. Nc3 d5 4. Nf3 Bg7 5. Qa4+ Bd7 6. Qb3 dxc4 7. Qxc4 O-O 8.
Bf4 Na6 9. e4 c5 10. e5 Nh5 11. Be3 Nb4 12. O-O-O b5 13. Qb3 a5 14. dxc5 Qc8
15. Bxb5 Bxb5 16. Nxb5 Rb8 17. a4 Qg4 18. h3 Qf5 19. Qc4 Rfc8 20. Nbd4 Qe4 21.
Qxf7+ Kh8 22. Qc4 Nf4 23. Bxf4 Qxf4+ 24. Kb1 Nc6 25. Qe6 Nxe5 26. Nxe5 Bxe5 27.
g3 Qe4+ 28. Ka1 Rxc5 29. Rhe1 Qb7 30. Nb5 Bf6 31. Rd7 Qf3 32. Qe3 Qf5 33. Red1
Qc2 34. Qa3 Rc4 35. R7d2 Qxa4 36. Rd8+ Kg7 37. Rxb8 Qxd1+ 0-1

[Event "FIDE World Cup 2019"]
[Site "Khanty-Mansiysk RUS"]
[Date "2019.09.14"]
[Round "4"]
[White "Aronian, Levon"]
[Black "Maghsoodloo, Parham"]
[Result "1/2-1/2"]
[WhiteElo "2758"]
[BlackElo "2664"]
[PlyCount "109"]
[EventDate "2019.09.10"]

1. d4 e6 2. e4 d5 3. exd5 exd5 4. Nf3 Nc6 5. Bd3 Bd6 6. Nc3 Nge7 7. Nb5 Bg4 8.
c3 Qd7 9. Be3 O-O-O 10. h3 Bf5 11. Nh4 Bxd3 12. Qxd3 h6 13. Nxd6+ cxd6 14. g3
Kb8 15. O-O-O Ka8 16. Bd2 b5 17. Kb1 Rb8 18. Rc1 b4 19. cxb4 Nxb4 20. Bxb4 Rxb4
21. Rc3 Rhb8 22. b3 g5 23. Nf3 Nc6 24. Rhc1 R4b6 25. Ne1 Nb4 26. Qf3 Ra6 27.
Nd3 Nxa2 28. Qxd5+ Qb7 29. Qxb7+ Kxb7 30. Rc7+ Ka8 31. R1c4 Rxb3+ 32. Kc2 Raa3
33. Rd7 Rc3+ 34. Rxc3 Nxc3 35. Rd8+ Kb7 36. Rxd6 Ne4 37. Nc5+ Nxc5 38. dxc5 Ra6
39. Rd7+ Kc6 40. Rxf7 Kxc5 41. f4 gxf4 42. Rxf4 Ra2+ 43. Kb3 Rg2 44. Rg4 Rd2
45. Kc3 Rd6 46. Rc4+ Kd5 47. Rd4+ Ke5 48. Rxd6 Kxd6 49. g4 Ke5 50. h4 a5 51. g5
hxg5 52. hxg5 Kf5 53. Kc4 Kxg5 54. Kb5 Kf5 55. Kxa5 1/2-1/2

[Event "FIDE World Cup 2019"]
[Site "Khanty-Mansiysk RUS"]
[Date "2019.09.14"]
[Round "4"]
[White "Kasimdzhanov, Rustam"]
[Black "Mamedyarov, Shakhriyar"]
[Result "1/2-1/2"]
[WhiteElo "2657"]
[BlackElo "2767"]
[PlyCount "168"]
[EventDate "2019.09.10"]

1. e4 e5 2. Nf3 Nc6 3. Bc4 Bc5 4. c3 Nf6 5. d3 d6 6. O-O h6 7. Re1 O-O 8. h3 a5
9. Nbd2 Be6 10. Bb5 Qb8 11. Nf1 Qa7 12. Re2 a4 13. Ng3 Qa5 14. Bxc6 bxc6 15.
Nh4 Rfe8 16. Nhf5 d5 17. Nxh6+ gxh6 18. Bxh6 dxe4 19. Rxe4 Bxf2+ 20. Kxf2 Qb6+
21. Kf1 Qxb2 22. Rc1 Bd7 23. Rc2 Qb5 24. c4 Qb4 25. Qf3 Re6 26. Rf2 Be8 27. Bd2
Qa3 28. Bg5 Nh7 29. Rg4 Nxg5 30. Rxg5+ Kf8 31. Qe3 Rd8 32. Rf3 Qxa2 33. Rh5
Qa1+ 34. Kf2 Ke7 35. Ne4 Qd4 36. Nc5 a3 37. Nxe6 Kxe6 38. Qxd4 Rxd4 39. Ke3 f6
40. Rh8 Bg6 41. Kd2 Be4 42. Re3 Bxg2 43. Kc3 c5 44. h4 a2 45. Re1 Bh3 46. Ra8
Bf5 47. Re3 Rxh4 48. Rxa2 e4 49. Ra5 Ke5 50. dxe4 Bxe4 51. Rxc5+ Kd6 52. Ra5 f5
53. Re1 Ke6 54. Kd4 Kf6 55. Ra6+ c6 56. Kc5 Rh2 57. Ra8 Rc2 58. Rf8+ Kg7 59.
Rb8 Kf6 60. Kd4 Rd2+ 61. Kc5 Rc2 62. Rd1 Rc3 63. Rd4 Ke5 64. Rc8 Rc1 65. Rc7
Rc2 66. Rd1 Bd5 67. Rd4 Be4 68. Rh7 Rc1 69. Rh6 Bd5 70. Rh8 Be4 71. Rd2 Bd5 72.
Re2+ Kf4 73. Rh4+ Kg3 74. Rd4 f4 75. Re7 f3 76. Rg7+ Kf2 77. Rh4 Rxc4+ 78. Rxc4
Bxc4 79. Kxc4 Ke2 80. Re7+ Kd2 81. Rf7 Ke2 82. Kc5 f2 83. Kxc6 f1=Q 84. Rxf1
Kxf1 1/2-1/2

[Event "FIDE World Cup 2019"]
[Site "Khanty-Mansiysk RUS"]
[Date "2019.09.14"]
[Round "4"]
[White "Dominguez Perez, Leinier"]
[Black "Abasov, Nijat"]
[Result "1/2-1/2"]
[WhiteElo "2763"]
[BlackElo "2632"]
[PlyCount "65"]
[EventDate "2019.09.10"]

1. e4 c5 2. Nf3 Nc6 3. Bb5 g6 4. Bxc6 dxc6 5. d3 Bg7 6. h3 Nf6 7. Nc3 Nd7 8.
Be3 e5 9. Qd2 h6 10. O-O b6 11. Nh2 Nf6 12. a3 Be6 13. b4 Nd5 14. exd5 cxd5 15.
Qe1 d4 16. Bd2 dxc3 17. Bxc3 f6 18. f4 O-O 19. fxe5 f5 20. bxc5 bxc5 21. Nf3
Qc7 22. Qf2 Qc6 23. a4 Bd5 24. Nd2 Rac8 25. Rfe1 g5 26. Ra3 Qe6 27. Raa1 Qc6
28. a5 h5 29. Ra3 Qe6 30. Ra4 Qc6 31. Ra3 Qe6 32. Ra4 Qc6 33. Ra3 1/2-1/2